000 00652nam a22001695i 4500
001 54363
003 ES-MaACL
005 20230906162936.0
007 t|
008 960718s1880 sp ||||1| spa d
040 _aCAM
_bspa
_cCAM
100 1 _aFont y Martí, José.
_951573
245 1 0 _aDatos prácticos de la solubilidad, fusión y ebullición de los cuerpos químicos más notables y particularmente de los que tienen uso en medicina y farmacia /
_cpor José Font y Martí.
260 _aMadrid :
_bEdición de La Farmacia Española,
_c1880 (
_fImprenta de García y Caravera)
300 _aVI, 156 p. ;
_c21 cm.
852 _aES-MaACL
_jT-1289-F-6
999 _c54363
_d54363